000 00909nam a2200313 a 4500
001 000113968
003 CHAP
005 20220329144421.0
008 171016s2015 mx |r| ||||d|spa d
010 _a110429
011 _a111401
020 _a9685146527
040 _cCHAP
082 0 4 _a862.6
_bG21 b
100 1 _aGarcía Lorca, Federico
_9133754
245 1 0 _aBodas de sangre /
_cpor Federico García Lorca.
260 _aCiudad Nezahualcoyótl, México :
_bEdiciones Leyenda,
_c2015.
300 _a89 p.
490 _aColección clásicos
590 _aBATCH-UPD
_b05
_c20171016
_lUCH01
_h0854
590 _aE5765TAJ
_b05
_c20171016
_lUCH01
_h0853
590 _aE5765TAJ
_b05
_c20171016
_lUCH01
_h1215
650 1 4 _aDrama español
_ySiglo XX.
_9133755
650 1 4 _aTeatro español
_ySiglo XX.
_9133756
830 0 0 _aColección clásicos
_924754
901 _aBK
942 _cLIBRO
942 _n0
999 _c110429
_d110429